| 000 | 00679nam a2200205 i 4500 | ||
|---|---|---|---|
| 001 | 186862 | ||
| 003 | ES-MaACL | ||
| 005 | 20250927132003.0 | ||
| 008 | 170223s1929 sp |||| | spa d | ||
| 100 | 1 |
_aJarnés, Benjamín, _d1888-1949 _9154398 |
|
| 245 | 1 | 0 |
_aSor Patrocinio / _cpor Bernjamín Jarnés. |
| 250 | _a1ª ed. | ||
| 260 |
_aMadrid : _bEspasa-Calpe, _c1929. |
||
| 300 |
_a291 p. ; _c19 cm. |
||
| 490 | 1 |
_aVidas españolas del siglo XIX ; _v2 |
|
| 600 | 0 | 4 |
_aPatrocinio, _cSor _989594 |
| 830 | 0 |
_aVidas españolas del siglo XIX ; _v2 _9192637 |
|
| 852 |
_aES-MaACL _jC-23215 _z.- Sello de "Donativo Amigos del Ateneo, 1929" |
||
| 999 |
_c186862 _d186862 |
||